| 000 | 01121naa a22002777a 4500 | ||
|---|---|---|---|
| 001 | BR9404712 | ||
| 003 | BR-BrBNA | ||
| 005 | 20250721155505.0 | ||
| 007 | ta | ||
| 008 | 250630b bl.|||m| |||| 00| 0 por d | ||
| 040 |
_aBR-BrBNA _bpor _cBiblioteca Nacional de Agricultura |
||
| 041 | _a(En) | ||
| 072 |
_aL73 _b5212 _b4150 |
||
| 090 | _aL73 BR9404712 | ||
| 100 | 1 | _aSingh, N.P. | |
| 111 | 1 |
_a1. Simposio do Tropico Umido _cBelem, PA (Brazil) _d12-17 Nov 1984 |
|
| 245 | 1 | _aPneumoenteritis due to corona virus. A cause of mortality in neonatal calves | |
| 500 | _aAnais do 1. Simposio do Tropico Umido. V. 5 Pastagem e producao animal Belem, PA (Brasil): 1986. p. 303-306 [Summaries (En, Pt); 14 ref.] (BR9404712-AMS) | ||
| 773 | 0 |
_tAnais do 1. Simposio do Tropico Umido. V. 5 Pastagem e producao animal _wL73 BR9404712 _gBelem, PA (Brasil), 1986. p. 303-306 |
|
| 650 | _aBezerro | ||
| 650 | _aVirus | ||
| 650 | _aMortalidade Animal | ||
| 490 |
_aDocumentos - Centro de Pesquisa Agropecuaria do Tropico Umido (Brazil) _vno. 36 _xISSN 0101-2835 |
||
| 942 |
_cAMS _2AGRIS |
||
| 909 |
_a202506 _bLúcia _c55 _dLúcia Elande |
||
| 999 |
_c336791 _d336791 |
||